000 00328nam a22001337a 4500
008 180922b xxu||||| |||| 00| 0 eng d
020 _a9780716723745
041 _aeng
080 _25th
_a611
100 _a7
101 _aANA
245 _aAtlas and Dissection Guide for Comparative Anatomy
_cWischnitzer, S
942 _2udc
_cBK
999 _c48299
_d48299